MARC

LEADER 00000nas a2200000 a 4500
001 ssj0000546032
003 WaSeSS
005 20200512172242.0
006 m d
007 cr n
008 810430u1978uuuuio qr p s 0 b0ind c
010 |a  80941583   |z sn 81003269  
016 7 |a 009825119  |2 Uk 
022 |l 0126-0537  |y 0126-0537 
030 |a AGRIDK 
035 |a (WaSeSS)ssj0000546032 
040 |a COO  |b eng  |c COO  |d NSD  |d NST  |d DLC  |d AGL  |d OCLCQ  |d UKMGB  |d OCLCQ  |d OCLCF  |d CUS  |d OCLCO  |d RDF  |d OCLCA  |d OCLCQ  |d WaSeSS 
041 0 |a ind  |a eng 
042 |a nsdp  |a pcc 
043 |a a-io--- 
050 0 0 |a S297  |b .A55 
070 0 |a S297  |b .A55 
072 0 |a A500 
082 0 0 |a 338.1/09598  |2 20 
210 0 |a Agrivita 
222 0 |a Agrivita 
245 0 0 |a Agrivita  |h [electronic resource]. 
246 1 |a Agrivita, journal of agricultural science 
246 1 |a Journal of agricultural science 
246 1 |a AJAS 
260 |a Malang :  |b Lembaga Penerbitan Fakultas Pertanian, Universitas Brawijaya 
310 |a Quarterly,  |b 1981- 
321 |a Bimonthly,  |b 1978-1980 
362 1 |a Began with v. 1 in 1978. 
506 |a License restrictions may limit access. 
546 |a Articles chiefly in Indonesian; some in English; summaries in English. 
588 |a Description based on: Vol. 2, no. 1 (Peb. 1979); title from cover. 
588 |a Latest issue consulted: Vol. 21, no. 1 (Juli-Sept. 1999). 
650 0 |a Agriculture  |z Indonesia  |v Periodicals. 
650 0 |a Agriculture  |x Research  |z Indonesia  |v Periodicals. 
650 7 |a Agriculture.  |2 fast  |0 (OCoLC)fst00801355 
650 7 |a Agriculture  |x Research.  |2 fast  |0 (OCoLC)fst00801593 
651 7 |a Indonesia.  |2 fast  |0 (OCoLC)fst01209242 
655 0 |a Electronic journals. 
710 2 |a Universitas Brawijaya.  |b Fakultas Pertanian. 
850 |a DLC  |a DNAL  |a ICRL 
856 4 0 |z Full text available from Research Library: 10/01/2010 to present  |u https://search.proquest.com/publication/2027433